| 000 | 00950nam a2200301 4500 | ||
|---|---|---|---|
| 003 | OSt | ||
| 005 | 20260530115257.0 | ||
| 008 | 260421b2010 gw a|||| |||| 00| 0 spa d | ||
| 020 | _a9783836520942 | ||
| 040 |
_aICI _bspa _cICI |
||
| 041 | _aeng | ||
| 050 |
_aNK1520 _bD57 2010 |
||
| 100 | 1 |
_aReis, Dalcacio, _930696 |
|
| 245 | 1 | 0 |
_aProduct Design in the sustainable era _cDalcacio Reis ; ed., Julius Wiedemann. |
| 246 | 1 | 4 | _aDiseño industrial en la era de la sostenibilidad |
| 264 | 1 |
_bTASCHEN _c2010 _aKöln |
|
| 300 |
_a439 páginas _bilustraciones, fotografías color _c26 cm. |
||
| 336 |
_atexto _2rdacontent |
||
| 337 |
_asin medio _2rdamedia |
||
| 338 |
_avolumen _2rdacarrier |
||
| 650 | _aIndustrial design | ||
| 650 |
_aDiseño industrial _915218 |
||
| 650 | _aDiseño sustentable | ||
| 650 |
_aCommercial products _930699 |
||
| 650 |
_aProductos comerciales _930700 |
||
| 700 | 1 |
_aWiedemann, Julius _eeditor |
|
| 942 |
_2ddc _cBK |
||
| 999 |
_c12676 _d12676 |
||